Statistics for Largest Cities in Azerbaijan

Click here to take the quiz!

General Stats

  • This quiz has been taken 17 times
  • The average score is 3 of 5

Answer Stats

Answer % Correct
Baku
100%
Ganja
73%
Sumqayit
36%
Lankaran
36%
Mingachevir
18%

Score Distribution

Percentile by Number Answered

Percent of People with Each Score

Your Score History

You have not taken this quiz